LEADER 00921cam0-2200301---450- 001 990005670340403321 005 20110208140711.0 035 $a000567034 035 $aFED01000567034 035 $a(Aleph)000567034FED01 035 $a000567034 100 $a19990604d1862----km-y0itay50------ba 101 0 $aita 102 $aIT 105 $ay-------001yy 200 1 $aDella filosofia della storia applicata al progresso generale delle nazioni$flibro di Francesco Melillo 210 $aNapoli$cStamperia del Fibreno$d1862 215 $a96 p.$d18 cm 610 0 $aFilosofia della storia 676 $a901 700 1$aMelillo,$bFrancesco$0218088 801 0$aIT$bUNINA$gRICA$2UNIMARC 901 $aBK 912 $a990005670340403321 952 $a901 MEL 1$bIST.ST.FIL. 4367$fFLFBC 959 $aFLFBC 996 $aDella filosofia della storia applicata al progresso generale delle nazioni$9601585 997 $aUNINA